Fr. Conceicao Rodrigues College of Engineering

Marathi-English Dictionary (Record no. 33942)

MARC details
000 -LEADER
fixed length control field 00252nam a2200109Ia 4500
100 ## - MAIN ENTRY--PERSONAL NAME
Personal name Prabhudesai/S.R./ Margaj/C.J.
245 ## - TITLE STATEMENT
Title Marathi-English Dictionary
260 ## - PUBLICATION, DISTRIBUTION, ETC.
Name of publisher, distributor, etc. Navneet publication
Place of publication, distribution, etc. Mumbai
300 ## - PHYSICAL DESCRIPTION
Extent 800
546 ## - LANGUAGE NOTE
Language note ENGLISH
942 ## - ADDED ENTRY ELEMENTS (KOHA)
Koha item type BOOK
Holdings
Withdrawn status Lost status Damaged status Not for loan Collection Home library Current library Date acquired Source of acquisition Cost, normal purchase price Inventory number Total Checkouts Full call number Barcode Date due Date last seen Date last checked out Cost, replacement price Price effective from Koha item type
        AFT Fr. Agnel's C.Rodrigues College of Engineering Fr. Agnel's C.Rodrigues- College of Engineering 17/03/2023 Ideal book company 160.00 200/47/10 1 AFT8121 11/03/2011 05/06/2023 05/06/2023 160.00   BOOK